Elliptic Functions according to Eisenstein and Kronecker
Αποθηκεύτηκε σε:
| Κύριος συγγραφέας: | |
|---|---|
| Μορφή: | Βιβλίο |
| Γλώσσα: | English |
| Δημοσίευση: |
Berlin :
Springer-Verlag,
1976
|
| Σειρά: | Ergebnisse der Mathematik und ihrer Grenzgebiete ;
; 88 |
| Θέματα: | |
| Ετικέτες: |
Προσθήκη ετικέτας
Δεν υπάρχουν, Καταχωρήστε ετικέτα πρώτοι!
|
MARC
| LEADER | 00000nam a2200000 i 4500 | ||
|---|---|---|---|
| 001 | 1/28442 | ||
| 008 | 960607s1976 eng d | ||
| 020 | |a 3-540-07422-8 | ||
| 035 | |a 1995 |l 10038075 | ||
| 040 | |a GR-MY-UA |b gre |e aacr | ||
| 041 | 0 | |a eng | |
| 082 | 0 | |a 515.983 | |
| 100 | 1 | |a Weil, Andre |d 1906- | |
| 245 | 1 | 0 | |a Elliptic Functions according to Eisenstein and Kronecker / |c Andre Weil |
| 260 | |a Berlin : |b Springer-Verlag, |c 1976 | ||
| 300 | |a 92 p.; |c 24 cm. | ||
| 490 | 1 | |a Ergebnisse der Mathematik und ihrer Grenzgebiete |v ; 88 | |
| 500 | |a Includes index | ||
| 650 | 0 | 0 | |a Elliptic functions. |
| 830 | 0 | |a Ergebnisse der Mathematik und ihrer Grenzgebiete ; |v ; 88 | |
| 852 | |a INST |b SAMOS |e 19960607 |h 515.983 WEI |p 005300005286 |q 005300005286 |t BK |y 0 | ||
| 909 | |a Σ |b 039157 | ||